000 00592 a2200193 4500
999 _c4952
_d4952
010 _aENG-86672
020 _c105.00
_a8125031529
035 _aEN-70205
037 _bDBAD / PUB
082 1 4 _a617.7
100 1 _aPrajna, N Venkatesh
245 1 _aThe eye care handbook /
_cby N. Venkatesh Prajna [and] P. M. Aravind
260 _aChennai
_bOrient Longman
_c2007
270 _a160 Anna Salai
_bChennai
_e600 002
_mchegeneral@orientlongman.com
300 _a116 p
_c22 cm (Pbk)
500 _aIncludes index
700 1 _aAravind, P. M.
942 _adpl
_cEN
_2ddc
_h617.7
_mPRA